MARC

Tag First Indicator Second Indicator Subfields
LEADER 00000cam a2200000 a 4500
001 in00002694591
005 20151202121609.0
008 100928s2010 enk b 001 0 eng d
020 |a 9780719081668 (hbk.) 
020 |a 0719081661 (hbk.) 
035 |a (OCoLC)ocn696570519 
040 |a EQO  |c EQO  |d CDX  |d EYM  |d UAT  |d CUS  |d TXA  |d UtOrBLW 
043 |a e-uk---  |a n-us--- 
049 |a TXAM 
082 0 |a 791.440941  |2 22 
090 |a PN1991.2  |b .R53 2010 
100 1 |a Richards, Jeffrey. 
245 1 0 |a Cinema and radio in Britain and America, 1920-60 /  |c Jeffrey Richards. 
264 1 |a Manchester ;  |a New York :  |b Manchester University Press ;  |c 2010. 
264 2 |a New York :  |b Distributed in the United States exclusively by Palgrave Macmillan, 
300 |a ix, 310 pages ;  |c 24 cm. 
336 |a text  |b txt  |2 rdacontent 
337 |a unmediated  |b n  |2 rdamedia 
338 |a volume  |b nc  |2 rdacarrier 
490 1 |a Studies in popular culture 
504 |a Includes bibliographical references and index. 
650 0 |a Radio programs  |z Great Britain  |x History  |y 20th century. 
650 0 |a Motion pictures  |z Great Britain  |x History  |y 20th century. 
650 0 |a Radio programs  |z United States  |x History  |y 20th century. 
650 0 |a Motion pictures  |z United States  |x History  |y 20th century. 
650 0 |a Radio broadcasting  |z Great Britain  |x History  |y 20th century. 
650 0 |a Motion picture industry  |z Great Britain  |x History  |y 20th century. 
650 0 |a Radio broadcasting  |z United States  |x History  |y 20th century. 
650 0 |a Motion picture industry  |z United States  |x History  |y 20th century. 
830 0 |a Studies in popular culture (Manchester, England) 
945 |a PromptCat 
948 |a cataloged  |b h  |c 2011/5/11  |d c  |e dmitchel  |f 9:30:20 am 
994 |a C0  |b TXA 
999 |a MARS 
999 f f |s daf18faa-7024-3aa9-a550-d80e75d16841  |i 5bdcaede-9747-3543-990e-e0d07baedce3  |t 0 
952 f f |p normal  |a Texas A&M University  |b College Station  |c Sterling C. Evans Library  |d Evans: Library Stacks  |t 0  |e PN1991.2 .R53 2010  |h Library of Congress classification  |i unmediated -- volume  |m A14840446706 
998 f f |a PN1991.2 .R53 2010  |t 0  |l Evans: Library Stacks